00829nam a2200193Ia 4500952015300000999001700153003000400170005001700174008004100191020001800232020001500250040000900265082002600274100002200300245020300322260004300525300000900568942005800577 00102ddc40708FINANCIAL ECONOMICSaMESbMEScECO d2019-02-20g480.00l0o332.6725320954 ALI/Ip38891r2019-02-20 00:00:00w2019-02-20yBKzGL6R4 c11410d11410OSt20200104124524.0190216s9999||||xx |||||||||||||| ||und|| a9788189915674 a8189915673 coclc a332.6725320954bALI/I aAli, Sajid 91024 0aInsurance In India history and development : economic liberalization and reforms : risk management and insurance : performance of insurance companies/cSajid Ali ; Riyaz Mohammad ; Masharique Ahmad bRegal Publications,c2012.aNew Delhi: a160p cBK2ddch332.6725320954iALI/Ik332.6725320954mALI/I